000 00753nam a2200241 a 4500
001 13300
003 BD-JhCC
005 20230811082859.0
008 230808b 2021bg |||| ||a| 000 0 ben d
020 _a9789846344486
035 _a(BD-JhCC)13300
040 _aBD-JhCC
_dBD-JhCC
041 _aBengali
082 _a891.4435
_bMAH 2021
100 _aমাহবুব, পলাশ
245 _aস্বর্ণচুরি রহস্য /
_cপলাশ মাহবুব।
260 _aঢাকা :
_bপাঞ্জেরী পাবলিকেশন্স লি;
_c২০২১.
300 _a88 p. :
_c21 cm.
490 _aলজিক লাবু-৫
650 _a Bengali short stories.
942 _2ddc
_cBK
999 _c13300
_d13300